1189 1560 1286 1490 1351 1273 1255 1864 1525 1502 1992 1737 1667 1833 1237 1742 1357 1435 1784 1079 2000 1412 1822 1013 1434 1324 1407 1613 1663 1236 1186 1326 1279 1187 1687 1198 1620 1941 1885 1789 1470 1745 1173 1951 1804 1736 1164 1533 1825 1506 1988 1197 1314 1048 1092 1518 1950 1440 1621 1960 1577 1414 1758 1184 1668 1092 1395 1263 1429 1909 1149 1084 1690 1221 1914 1735 1876 1231 1096 1214 1107 1419 1598 1211 1994 1548 1547 1241 1155 1547 1644 1560 1431 1152 1207 1291 1675 1817 1392 BCNSPRNW ULIB Ver.6.0+V

เปลี่ยนเป็นภาษาไทย

Change to English
 แสดงรายละเอียดบรรณานุกรม
  กลับหน้าหลัก

Brief Record : Get Marc (ISO 2709) : E-mail record : QR code < ปิดหน้าต่าง
LEADER : 00000nam 2200000uu 4500
001    13399111331
003     ULIB
008    110622s||||||||th 000 0 tha d
020    9789740636502
050  4 BF1708.8.T5^bล157ก 2551
100 1  โจนส์, ลอรี่ เบธ
245 10 กลยุทธ์อ่านใจคน จากพลังธาตุทั้งสี่ /^cลอรี่ เบธ โจนส์ ; ขวัญดวง แซ่เตีย,แปล
250    พิมพ์ครั้งที่ 2
260    กรุงเทพฯ :^bดีเอ็มจี,^c2551
300    375 หน้า
650  4 การทำนายลักษณะ
700 0  ขวัญดวง แซ่เตีย
945    ^p320^l0^i024403
995    ทศพร
999 ^a ใช้งานได้ทุกระบบ
รายการนี้ยังไม่มีแท็ก
คุณยังไม่ได้ล็อกอิน คุณสามารถมีกิจกรรมร่วมกับเว็บไซต์ได้ แต่ต้องล็อกอินก่อน ::
  ล็อกอิน

รายการสื่อสารสนเทศ

ลำดับที่ ประเภท เลขเรียก/บาร์โค้ด สถานที่ สถานะ
- ไม่พบข้อมูล -

รายการใกล้เคียง
    ผู้แต่ง [โจนส์, ลอรี่ เบธ]

    หัวเรื่อง [การทำนายลักษณะ]

BibComment


ยังไม่เคยถูกคอมเมนท์

คอมเมนท์ทรัพยากรรายการนี้
  คอมเมนท์: กลยุทธ์อ่านใจคน จ..


 Copyright 2026. Bcnsprnw @Library